| 000 | 00689cam a2200205 a 4500 | ||
|---|---|---|---|
| 020 | _a0028043251 (softcover with disc) | ||
| 040 | _cDLC | ||
| 082 | 0 | 0 | _a004 GLE 1997 A006 Or. |
| 100 | 1 | _aNorton, Peter, | |
| 245 | 1 | 0 | _aPeter Norton's introduction to computers. |
| 250 | _a2nd ed. | ||
| 260 |
_aNew York : _bGlencoe/McGraw Hill, _cc1997. |
||
| 300 |
_axxxi, 555 p. : _bill. (some col.) ; _c28 cm. + _e1 computer laser optical disc (4 3/4 in.) |
||
| 500 | _aIncludes index. | ||
| 650 | 0 | _aComputers. | |
| 650 | 0 | _aComputer software. | |
| 856 | 4 | 2 | _uhttp://www.loc.gov/catdir/description/mh031/96032939.html |
| 856 | 4 | 1 | _uhttp://www.loc.gov/catdir/toc/mh031/96032939.html |
| 942 | _cEK | ||
| 999 |
_c11953 _d11953 |
||